| 000 | 00821nam a2200265 a 4500 | ||
|---|---|---|---|
| 001 | 57038 | ||
| 003 | BD-RjUL | ||
| 005 | 20211209080449.0 | ||
| 008 | 161205s1980 nyu b 001 0 eng | ||
| 020 |
_a0312106815 : _c$19.95 |
||
| 035 | _a(BD-RjUL)57162 | ||
| 040 |
_aDLC _cDLC _dDLC _beng |
||
| 041 | _aeng | ||
| 082 | 0 | 0 |
_a294.30954 _223 _bLIB 1980 |
| 100 | 1 |
_aLing, Trevor, _d1920-1995. _9169462 |
|
| 245 | 1 | 0 |
_aBuddhist revival in India : _baspects of the sociology of Buddhism / _cTrevor Ling. |
| 260 |
_aNew York : _bSt. Martin's Press, _c1980. |
||
| 300 |
_avii, 151 p. ; _c23 cm. |
||
| 500 | _aIncludes index. | ||
| 504 | _aBibliography: p. 145-146. | ||
| 650 | 0 |
_aBuddhism _zIndia _xHistory. _9169463 |
|
| 650 | 0 |
_aBuddhism and social problems _zIndia. _9169464 |
|
| 942 |
_2ddc _cBK |
||
| 999 |
_c57038 _d57038 |
||